الزجاج مادة شفافه الدولاب جهاز نقل ؛ طيارة الورق اكثر من لعبه بسيطه : (رقم التسجيلة. 30818)

تفاصيل مارك
000 -LEADER
fixed length control field 00867nam a22002057a 4500
005 - DATE AND TIME OF LATEST TRANSACTION
control field 20251108165548.0
008 - FIXED-LENGTH DATA ELEMENTS--GENERAL INFORMATION
fixed length control field 250721s9999 xx 000 0 ara d
082 14 - DEWEY DECIMAL CLASSIFICATION NUMBER
Classification number ط/609/لوت
100 1# - MAIN ENTRY--PERSONAL NAME
Personal name لوت، ف
Relator term مؤلف
245 10 - TITLE STATEMENT
Title الزجاج مادة شفافه الدولاب جهاز نقل ؛ طيارة الورق اكثر من لعبه بسيطه :
Remainder of title الدولاب جهاز نقل ؛ طيارة الورق اكثر من لعبه بسيطه /
264 1# - PRODUCTION, PUBLICATION, DISTRIBUTION, MANUFACTURE, AND COPYRIGHT NOTICE
Place of production, publication, distribution, manufacture بيروت :
Name of producer, publisher, distributor, manufacturer منشورات مكتبة سمير،
Date of production, publication, distribution, manufacture, or copyright notice [19-].
300 ## - PHYSICAL DESCRIPTION
Extent 12ص :مص
490 0# - SERIES STATEMENT
Series statement من كل علم خبر ؛الاكتشافات الكبيرة ولادة حضاره
Volume/sequential designation 2
650 17 - SUBJECT ADDED ENTRY--TOPICAL TERM
Topical term or geographic name as entry element الإختراعات
650 17 - SUBJECT ADDED ENTRY--TOPICAL TERM
Topical term or geographic name as entry element التاريخ
653 ## - INDEX TERM--UNCONTROLLED
Uncontrolled term ناشئون صغار (10-14) سنوات
700 1# - ADDED ENTRY--PERSONAL NAME
Personal name سماحه، سهيل
Relator term ترجمة
942 ## - ADDED ENTRY ELEMENTS (KOHA)
Source of classification or shelving scheme Dewey Decimal Classification
Koha item type كتب
المقتنيات
حالة السحب حالة الفقدان مصدر التصنيف حالة التلف غير قابل للإعارة المكتبة الرئيسية المكتبة الحالية موقع الرف تاريخ التزويد الرقم المتسلسل Total Checkouts رقم الإستدعاء تاريخ آخر ظهور تاريخ الفاتورة نوع المادة (كوها) الباركود
    Dewey Decimal Classification Unchecked   مكتبة الجويدة مكتبة الجويدة الأطفال 06/07/2004 298   ط/609/لوت 28/07/2025 06/07/2004 كتب  
    Dewey Decimal Classification     مكتبة النصر العامة مكتبة النصر العامة الأطفال 24/04/2015 [ 3467 ]   ط/609/لوت 28/07/2025 24/04/2015 كتب PLD00385922
    Dewey Decimal Classification     مكتبة صويلح العامة مكتبة صويلح العامة الأطفال 28/07/2019 003690   ط/609/لوت 28/07/2025 28/07/2019 كتب PLD00460058
Implemented & Customized by: BBB with SCIT (Smart Chains for Information Technology)

Powered by Koha